Language Quiz

Random Language or Letter Quiz
Score 0/26 Timer 05:00
0 Plays Today
Letter Language % Correct
EEnglish
98.6%
FFrench
95.5%
SSpanish
95%
MMandarin Chinese
90.5%
GGerman
90.5%
AArabic
88.3%
RRussian
84.8%
JJapanese
84.4%
PPortuguese
81.1%
HHindi
74.7%
IItalian
71.8%
DDutch
64.7%
CCantonese
58.7%
Letter Language % Correct
KKorean
58.2%
VVietnamese
53.6%
UUrdu
49.4%
BBengali
48.7%
NNepali
21.3%
WWu
20.5%
QQuechua
17.9%
TTelugu
11.9%
YYoruba
11.5%
XXiang
6.5%
LLombard
5.3%
OOriya
5.1%
ZZhuang
3%
Remove Ads.
Support Sporcle.
Get the best of Sporcle when you Go Orange. This ad-free experience offers more features, more stats, and more fun while also helping to support Sporcle. Thank you for becoming a member.

You're not logged in!

Compare scores with friends on all Sporcle quizzes.
OR
Log In

Show Comments

Extras

Top Quizzes Today


Score Distribution

Your Account Isn't Verified!

In order to create a playlist on Sporcle, you need to verify the email address you used during registration. Go to your Sporcle Settings to finish the process.

Report this User

Report this user for behavior that violates our Community Guidelines.

Details: